000 00881nam a2200253Ia 4500
003 OSt
005 20220923224250.0
006 a|||||r|||| 00| 0
007 ta
008 220922b |||||||| |||| 00| 0 hin d
024 _a230,159
037 _cTextual
040 _aARTS
_cARTS
_bhin
041 _2hin
_ahin
082 _aO15,2x, 152N1.1-.2
100 _aपाण्डे, राम अवध, अनु.
_9167864
245 0 _aकाव्य नाटक संग्रह
246 _aKāvya nāṭak sangraha
260 _aनई दिल्ली
_b साहित्य अकादमी
_c1991
490 _aसाहित्य रत्नकोश
650 _aसंस्कृत साहित्य
942 _hO15,2x, 152N1.1-.2
_cTEXL
_2CC
999 _c370280
_d370280